Virgin River #16 / Richard S. Wheeler.
Available copies
- 1 of 1 copy available at LARL/NWRL Consortium. (Show)
- 1 of 1 copy available at Lake Agassiz Regional Library.
Current holds
0 current holds with 1 total copy.
View other formats and editions
Show Only Available Copies
| Location | Call Number / Copy Notes | Barcode | Shelving Location | Status | Due Date |
|---|---|---|---|---|---|
| Moorhead Public Library | W WHE (Text) | 33500009604703 | Main | Available | - |
Record details
- ISBN: 9780765307095
- ISBN: 076530709X
- Physical Description: 320 p. ; 22 cm.
- Edition: 1st ed.
- Publisher: New York : Forge, 2008.
Search for related items by subject
| Subject: | Skye, Barnaby (Fictitious character) > Fiction. Wagon trains > Fiction. Tuberculosis > Patients > Fiction. Indian women > Fiction. |
| Genre: | Western stories. |
Search for related items by series
| LDR | 01352cam a2200373 a 4500 | ||
|---|---|---|---|
| 001 | 90117 | ||
| 003 | LARL_NWRL_CONSORTIUM | ||
| 005 | 20080402084407.0 | ||
| 008 | 071012s2008 nyu 000 1 eng | ||
| 019 | . | ‡a166378191 | |
| 020 | . | ‡a9780765307095 | |
| 020 | . | ‡a076530709X | |
| 035 | . | ‡a(OCoLC)174138888 ‡z(OCoLC)166378191 | |
| 043 | . | ‡an-usp-- | |
| 082 | 0 | 0. | ‡a813/.54 ‡222 |
| 100 | 1 | . | ‡aWheeler, Richard S. ‡0(LARL_NWRL_CONSORTIUM)79313 |
| 245 | 1 | 0. | ‡aVirgin River ‡n#16 / ‡cRichard S. Wheeler. |
| 250 | . | ‡a1st ed. | |
| 260 | . | ‡aNew York : ‡bForge, ‡c2008. | |
| 300 | . | ‡a320 p. ; ‡c22 cm. | |
| 490 | 0 | . | ‡aSkye's West ; ‡v16 |
| 650 | 0. | ‡aSkye, Barnaby (Fictitious character) ‡vFiction. | |
| 650 | 0. | ‡aWagon trains ‡vFiction. | |
| 650 | 0. | ‡aTuberculosis ‡xPatients ‡vFiction. | |
| 650 | 0. | ‡aIndian women ‡vFiction. ‡0(LARL_NWRL_CONSORTIUM)165202 | |
| 655 | 7. | ‡aWestern stories. ‡2gsafd | |
| 901 | . | ‡a90117 ‡bOCLC ‡c90117 ‡tbiblio | |

Add to basket
Permalink
Disable Highlighting